000 00749nam a2200205 i 4500
001 49447
003 ES-MaACL
005 20230906161950.0
007 t|
008 030716s1981 sp ||||1| spa d
100 0 _aCoseriu, Eugenio,
_d1921-2022
_940992
245 1 0 _aLecciones de lingüística general /
_cEugenio Coseriu ; [versión de José Mª Azáceta y García de Albéniz].
260 _aMadrid :
_bGredos,
_c[1981]
300 _a354 p. ;
_c19 cm.
490 1 _aBiblioteca románica hispánica. III. Manuales ;
_v51
700 1 _aAzáceta y García de Albéniz, José María.
_924214
830 0 _aBiblioteca románica hispánica. III. Manuales ;
_v51
_9177701
852 _aES-MaACL
_jL-1896
_bR.102517
999 _c49447
_d49447